Print That Works: (Record no. 6509)

000 -LEADER
fixed length control field 00587nam a22001577a 4500
008 - FIXED-LENGTH DATA ELEMENTS--GENERAL INFORMATION
fixed length control field 150925b xxu||||| |||| 00| 0 eng d
020 ## - INTERNATIONAL STANDARD BOOK NUMBER
International Standard Book Number 0923521003
050 ## - LIBRARY OF CONGRESS CALL NUMBER
Classification number HF 5718 .A325 1991
100 ## - MAIN ENTRY--PERSONAL NAME
Personal name Adler, Elizabeth
Dates associated with a name 1991
245 ## - TITLE STATEMENT
Title Print That Works:
Remainder of title The First Step-by-Step Guide That Integrates Writing, Design, and Marketing
Statement of responsibility, etc. Elizabeth, Adler
260 ## - PUBLICATION, DISTRIBUTION, ETC. (IMPRINT)
Place of publication, distribution, etc. California:
Name of publisher, distributor, etc. Bull Publishing Company,
Date of publication, distribution, etc. 1991.
300 ## - PHYSICAL DESCRIPTION
Extent 400p:ill.
Other physical details includes index.
650 ## - SUBJECT ADDED ENTRY--TOPICAL TERM
Topical term or geographic name as entry element Business Communication
650 ## - SUBJECT ADDED ENTRY--TOPICAL TERM
Topical term or geographic name as entry element Newsletters-Publishing
942 ## - ADDED ENTRY ELEMENTS (KOHA)
Source of classification or shelving scheme
Koha item type Hard Covered Materials
Classification part HF 5718 .A325 1991
Holdings
Withdrawn status Lost status Source of classification or shelving scheme Damaged status Not for loan Home library Current library Date acquired Source of acquisition Total Checkouts Full call number Barcode Date last seen Price effective from Koha item type
          MACHAKOS UNIVERSITY LIBRARY MACHAKOS UNIVERSITY LIBRARY 25/09/2015 DONATION (BFA)   HF 5718 .A325 1991 12432 25/09/2015 25/09/2015 Hard Covered Materials
© Machakos University Library, Along The Highway, Machakos Wote Rd, Machakos, Kenya P.O. Box 136 - 90100 Machakos - Kenya

Tel: ( +254 ) 723 805829 OR Fax : 044-20353 OR Email: library@mksu.ac.ke